Fire Emblem Heroes: Book 7 - Statistics

General Stats
  • This quiz has been taken 10 times
  • The average score is 138 of 147
Answer Stats
Hint Origin Ophelia: Starlit Maiden % Correct
Rearmed E___ & Rearmed A______ Engage Alcryst: Tender Archer
100%
Legendary Hero Engage Alear: Awoken Divinity
100%
New Heroes (Engage) Engage Alear: Dragon Child
100%
Rearmed E___ & Rearmed A______ Engage Alear: Dragon Youth
100%
New Heroes (Engage) Engage Alfred: Floral Protector
100%
Bridal Dreams Awakening Anna: Secret Charmer
100%
Merchant's Harvest Engage + Awakening Anna: Twice the Anna
100%
Holiday Handoff 3H Annette: Festive Helper
100%
Gods Renewed Heroes Ash: Earnest Greetings
100%
Spring Eternal 3H Ashe: Budding Chivalry
100%
Gods Renewed Heroes Askr: Renewed Gods
100%
Invitation to Tea Genealogy + 3H Ayra: Together in Tea
100%
New Heroes & Ascended E______ RD Bastian: Crimea's Keystone
100%
Spring Eternal 3H Bernadetta: Late Hibernator
100%
Holiday Handoff PoR Black Knight: The Night’s Blade
100%
Holiday Handoff Heroes Bruno: Masked Reveler
100%
Sage of Khadein? 3H Byleth: Fount of Learning
100%
New Heroes & Rearmed C____ 3H Byleth: Vengeance Vessel
100%
Winds Offered Archanea Catria: Windswept Knight
100%
Ascended C__ & Rearmed P_______ Genealogy Ced: Sage of the Wind
100%
New Heroes (Engage) Engage Céline: Joyous Royal
100%
New Heroes (Engage) Engage Chloé: Fairy-Tale Flier
100%
Rearmed E___ & Rearmed A______ Engage Citrinne: Caring Noble
100%
Winds Offered 3H Claude: Golden Breeze
100%
New Heroes & Rearmed I_____ 3H Cornelia: Saint Consumed
100%
Turn of Fate 3H Cyril: Rhea's Attendant
100%
Winds Offered Heroes Dagr: Bluster Princess
100%
Rearmed E___ & Rearmed A______ Engage Diamant: Rising Power
100%
Holiday Handoff 3H Dorothea: Yuletide Dancer
100%
New Heroes & Mythic H____ Binding Dorothy: Devoted Archer
100%
Rearmed E___ & Rearmed A______ Heroes Eitr: Hand of Nothing
100%
New Heroes & Ascended E______ RD Elincia: Devoted Queen
100%
Legendary Hero RD Elincia: Undaunted Queen
100%
No Matter Where Blazing Eliwood: Pledged Friend
100%
Gods Renewed Heroes Elm: Resolute Grouch
100%
Summer Longing Sacred Ephraim: Sunshine Valiant
100%
New Heroes (Engage) Engage Etie: Fitness Fighter
100%
Attuned N___ & G________ Blazing Fargus: Badon Buccaneer
100%
Ascended C__ & Rearmed P_______ Genealogy Febail: Mercenary Waif
100%
Ascended C__ & Rearmed P_______ Genealogy Fee: Aspiring Knight
100%
New Heroes & Rearmed I_____ 3H Felix: Lone-Wolf Blade
100%
Invitation to Tea 3H Ferdinand: Highborn Sipper
100%
Summer Firsts Heroes Fjorm: Seaside Thaw
100%
Merchant's Harvest 3H Flayn: Silly Kitty-Cat
100%
Mythic Hero Sacred Fomortiis: Demon King
100%
Mythic Hero Heroes Freyr: Dream-King
100%
New Heroes & Ascended E______ RD Geoffrey: Realm's Protector
100%
New Heroes & Rearmed T___ Sacred Gilliam: Wall of Silence
100%
Attuned N___ & G________ Heroes Ginnungagap: Ruler of Nihility
100%
Mythic Hero Archanea Gotoh: White Sage
100%
Legendary Hero Binding Guinivere: Queen of Bern
100%
Mythic Hero Heroes Gullveig: Golden Seer
100%
Turn of Fate Heroes Gullveig: Seer Beyond Time
100%
Attuned N___ & G________ Blazing Harken: Troubled Warrior
100%
Our Path Ahead RD Heather: Wandering Ninja
100%
No Matter Where Blazing Hector: Sworn Friend
100%
Mythic Hero Heroes Heiðr: Innocent Goddess
100%
Attuned: P____ & T_______ Valentia Hestia: Duma's Witch
100%
New Heroes & Rearmed I_____ 3H Ingrid: Beacon of Honor
100%
Attuned N___ & G________ Blazing Isadora: Escort of Pherae
100%
Summer Firsts Engage Ivy: Tidal Breeze
100%
Spring Eternal Blazing + Heroes Karla: Spring Reveries
100%
Mythic Hero Heroes Kvasir: Seer of the Past
100%
Rearmed E___ & Rearmed A______ Engage Lapis: Mighty Flower
100%
Summer Longing Sacred L'Arachel: Summer Princess
100%
Sage of Khadein? Archenea + Thracia Linde: Bound by Fate
100%
New Heroes & Rearmed C____ Blazing Linus: Savage Dog
100%
New Heroes & Ascended E______ RD Lucia: Tireless Advisor
100%
No Matter Where Blazing Lucius: Calming Light
100%
New Heroes & Ascended E______ RD Ludveck: Rebellious Duke
100%
New Heroes (Engage) Engage Lumera: Dragon Monarch
100%
Invitation to Tea 3H Lysithea: Tea Sweetener
100%
New Heroes & Rearmed C____ Archanea Maria: Ritual Sacrifice
100%
No Matter Where Blazing Mark: Winds of Hope
100%
Attuned: P____ & T_______ Valentia Marla: Duma's Witch
100%
Spring Eternal Archanea Michalis: Fruiting Ambition
100%
New Heroes & Mythic H____ Binding Murdock: Loyal General
100%
Attuned: P____ & T_______ Valentia Mycen: Zofia's Champion
100%
Mythic Hero Heroes Nerþuz: God of the Land
100%
Attuned N___ & G________ Blazing Nino: Fang's Heart
100%
Sage of Khadein? Blazing Nino: Spirited Sorcerer
100%
New Heroes & Mythic H____ Binding Noah: Mercenary-Errant
100%
Attuned: P____ & T_______ Heroes Peony: Cherished Dream
100%
Ascended C__ & Rearmed P_______ Heroes Plumeria: Rapturous Dream
100%
No Matter Where Blazing Rebecca: Breezy Scamp
100%
New Heroes & Rearmed I_____ 3H Rhea: Loving Matriarch
100%
Our Path Ahead RD Sanaki: Dawnsworn Ninja
100%
New Heroes & Mythic H____ Binding Saul: Loving Shepherd
100%
Merchant's Harvest Engage Seadall: Misfortune-Teller
100%
Mythic Hero Heroes Seiðr: Goddess of Hope
100%
Summer Longing 3H Shamir: Heartbeats United
100%
Summer Longing 3H Shez: Mercenary Shade
100%
Summer Longing 3H Shez: Mercenary Shine
100%
Legendary Hero 3H Shez: Sharpest Blades
100%
Invitation to Tea Genealogy Sigurd: Proper Pourer
100%
Attuned: P____ & T_______ Valentia Sonya: Beautiful Mage
100%
Turn of Fate RD Soren: Radiant Confidant
100%
Sage of Khadein? RD Soren: Wind of Tradition
100%
New Heroes & Rearmed I_____ 3H Sylvain: Consummate Flirt
100%
New Heroes & Rearmed T___ Sacred Syrene: Graceful Rider
100%
Invitation to Tea Genealogy Tailtiu: Teatime Mingler
100%
New Heroes & Rearmed T___ Sacred Tana: Soaring Princess
100%
Merchant's Harvest Engage Timerra: Trick or Meat
100%
Attuned: P____ & T_______ Heroes Triandra: Reverent Dream
100%
Spring Eternal Heroes Triandra: Sunlit Nightmare
100%
Sage of Khadein? Blazing Ursula: Royal-Blue Crow
100%
Mythic Hero Engage Veyle: Gentle Dragon
100%
Attuned N___ & G________ Blazing Wil: Unequaled Archer
100%
Summer Firsts Heroes Ymir: Seasons of Life
100%
Legendary Hero 3H Yuri: Underground Lord
100%
Our Path Ahead RD Zelgius: Ninja Knight
100%
Rearmed E___ & Rearmed A______ Engage Zephia: Scheming Dragon
100%
New Heroes & Rearmed C____ Fates Anankos: Seething Silence
75%
Ascended C__ & Rearmed P_______ Genealogy Arion: Gungnir's Heir
75%
Book VII Begins Fates Caeldori: Perfect Angel
75%
New Heroes & Rearmed C____ Awakening Chrom: Fell Exalt
75%
Holiday Handoff Awakening + Fates Cordelia: Unyielding Snow
75%
Turn of Fate Fates Corrin: Silent Bloodline
75%
Summer Firsts Awakening Donnel: Sunny Villager
75%
Book VII Begins Fates Dwyer: Sleepy Butler
75%
A Special Gift Fates Effie: Dedicated Heart
75%
A Special Gift Fates Elise: Sweetheart Royals
75%
New Heroes & Mythic H____ Binding Fir: Swordmaiden
75%
Bridal Dreams Awakening Flavia: Bold Bride
75%
Winds Offered Fates Fuga: Force of Gales
75%
A Special Gift Fates Hana: Striving Heart
75%
Book VII Begins Fates Hans: Ambitious Brute
75%
Legendary Hero Fates Hinoka: Thundering Wings
75%
Winds Offered Fates Kagero: Bond Unwavering
75%
Merchant's Harvest Awakening Kellam: Pumpkin Knight
75%
A Special Gift Fates Leo: Shrouded Heart
75%
Gods Renewed Awakening Panne: Welcoming Dawn
75%
Ascended C__ & Rearmed P_______ Genealogy Patty: Youthful Thief
75%
Our Path Ahead Fates Reina: Sanguine Shinobi
75%
Turn of Fate Awakening Robin: Exalt's Deliverer
75%
Legendary Hero Awakening Robin: Exalt's Other Half
75%
Bridal Dreams Awakening Robin: Keen Groom
75%
Our Path Ahead Fates Saizo: Hoshido's Flame
75%
Bridal Dreams Awakening Say'ri: Righteous Bride
75%
A Special Gift Fates Takumi: Troubled Heart
75%
Summer Firsts Awakening Tharja: Beach Dark Mage
75%
Bridal Dreams Awakening + Archanea Tiki: Bridal Reflections
75%
New Heroes & Rearmed T___ Sacred Vanessa: Dutiful Rider
75%
New Heroes & Rearmed T___ Sacred Vigarde: Silent Emperor
75%
Gods Renewed Awakening Yarne: Hoppy New Year
75%
Book VII Begins Fates Kiragi: Upbeat Archer
50%
Book VII Begins Fates Ophelia: Starlit Maiden
50%
No matching quizzes found
Score Distribution
Percent of People with Each Score
Percentile by Number Answered
Your Score History
You have not taken this quiz